[Event "European Rapid 2022"]
[Site "Katowice POL"]
[Date "2022.12.18"]
[Round "8.42"]
[White "Licznerski, Lukasz"]
[Black "Luczak, Filip"]
[Result "1-0"]
[WhiteTitle "IM"]
[BlackTitle "FM"]
[WhiteElo "2441"]
[BlackElo "2326"]
[WhiteFideId "1179250"]
[BlackFideId "1193686"]
[EventDate "2022.12.17"]

1. e4 e6 2. d4 d5 3. Nd2 Nc6 4. Ngf3 Nf6 5. e5 Nd7 6. Be2 f6 7. exf6 Nxf6 8. b3
Bd6 9. Bb2 O-O 10. O-O Ne7 11. Bd3 Bd7 12. c4 c6 13. Qc2 h6 14. Rae1 Rc8 15. Ne5
Be8 16. c5 Bb8 17. Re3 Nd7 18. Ndf3 Nf5 19. Ree1 Nh4 20. Nxh4 Qxh4 21. g3 Qh3
22. Nxd7 Bxd7 23. f4 Rf6 24. Qg2 Qxg2+ 25. Kxg2 Rcf8 26. Bc1 Be8 27. Bd2 Bg6 28.
Bxg6 Rxg6 29. b4 Kf7 30. b5 Ke7 31. bxc6 bxc6 32. Rb1 Kf7 33. Rb7+ Kg8 34. Kf3
e5 35. Rfb1 e4+ 36. Ke2 Bxf4 37. Bxf4 Rxf4 38. gxf4 Rg2+ 39. Ke3 Rxh2 40. Rg1
Rh3+ 41. Ke2 Rh2+ 42. Ke1 g5 43. fxg5 h5 44. Rf1 Rxa2 45. Rf6 1-0

[Event "European Rapid 2022"]
[Site "Katowice POL"]
[Date "2022.12.18"]
[Round "8.44"]
[White "Zochowski, Kacper"]
[Black "Gaehwiler, Gabriel"]
[Result "1-0"]
[WhiteTitle "FM"]
[BlackTitle "IM"]
[WhiteElo "2256"]
[BlackElo "2408"]
[WhiteFideId "1125494"]
[BlackFideId "1314530"]
[EventDate "2022.12.17"]

1. c4 g6 2. g3 Bg7 3. Bg2 e5 4. Nc3 d6 5. e4 Ne7 6. Nge2 Nbc6 7. d3 Be6 8. Be3
Nd4 9. O-O O-O 10. Qd2 c6 11. f4 f5 12. b3 Qd7 13. Rae1 Rf7 14. Bf2 Raf8 15.
Nxd4 exd4 16. Ne2 c5 17. Kh1 fxe4 18. dxe4 Bh3 19. Nc1 Nc6 20. Nd3 Re7 21. Qd1
Rfe8 22. e5 Bxg2+ 23. Kxg2 dxe5 24. Nxc5 Qc7 25. fxe5 Nxe5 26. Qxd4 Kh8 27. Qd5
b6 28. Na6 Qc8 29. Nb4 Ng4 30. Rxe7 Rxe7 31. Qf3 Re8 32. Nd5 Ne5 33. Qd1 Nc6 34.
Kg1 Qh3 35. Re1 Ne5 36. Nf4 Qf5 37. Re3 Rf8 38. h4 Ng4 39. Rd3 Ne5 40. Rd8 Nf3+
41. Kf1 Nxh4 42. Rxf8+ Qxf8 43. Ne6 1-0

[Event "European Rapid 2022"]
[Site "Katowice POL"]
[Date "2022.12.18"]
[Round "8.45"]
[White "Orzech, Dominik"]
[Black "Akesson, Ralf"]
[Result "0-1"]
[WhiteTitle "IM"]
[BlackTitle "GM"]
[WhiteElo "2313"]
[BlackElo "2404"]
[WhiteFideId "1115065"]
[BlackFideId "1700120"]
[EventDate "2022.12.17"]

1. Nf3 Nf6 2. d4 e6 3. c4 b6 4. g3 Bb7 5. Bg2 Be7 6. O-O O-O 7. d5 exd5 8. Nh4
c6 9. cxd5 Nxd5 10. Nf5 Na6 11. e4 Nf6 12. e5 Ne8 13. Re1 f6 14. Bf4 fxe5 15.
Nxe7+ Qxe7 16. Rxe5 Qf7 17. Qe2 Nc5 18. Nc3 Ne6 19. Rd1 Nf6 20. Be3 Rae8 21. Rd6
Nc7 22. Rf5 Re6 23. Qd1 Qe7 24. Rxf6 Qxf6 25. Rxd7 Re7 26. Ne4 Qe6 27. Rd6 Qxa2
28. Rd8 Nd5 29. Nc3 Nxc3 30. Rxf8+ Kxf8 31. bxc3 Qe6 32. h4 c5 33. Qd8+ Re8 34.
Qc7 Bxg2 35. Kxg2 Qe7 36. Qf4+ Kg8 37. Kh2 h6 38. Qc4+ Qf7 39. Qd3 a5 40. Bf4 a4
41. Qb5 a3 42. Qa4 a2 43. c4 Re2 44. Kg2 Qf6 45. Qa8+ Kh7 46. Kf3 a1=Q 47. Qd5
Rxf2+ 48. Kxf2 Qfd4+ 0-1

[Event "European Rapid 2022"]
[Site "Katowice POL"]
[Date "2022.12.18"]
[Round "8.46"]
[White "Larkin, Vladyslav"]
[Black "Kovalevsky, Stanislav"]
[Result "1-0"]
[WhiteTitle "IM"]
[BlackTitle "FM"]
[WhiteElo "2452"]
[BlackElo "2237"]
[WhiteFideId "14152894"]
[BlackFideId "13508598"]
[EventDate "2022.12.17"]

1. c4 e6 2. Nf3 d5 3. g3 Nf6 4. Bg2 Nbd7 5. b3 Be7 6. Bb2 O-O 7. O-O b6 8. Nc3
Bb7 9. Qc2 c5 10. e3 dxc4 11. bxc4 Rc8 12. d3 Qc7 13. a4 Rfd8 14. a5 bxa5 15.
Nb5 Qb6 16. Bc3 Bc6 17. Bxa5 Qb7 18. Bxd8 Rxd8 19. Rxa7 Qb6 20. Rfa1 Bxb5 21.
cxb5 Qxb5 22. Rb1 Qc6 23. Ne5 Qd6 24. Nc4 1-0

[Event "European Rapid 2022"]
[Site "Katowice POL"]
[Date "2022.12.18"]
[Round "8.47"]
[White "Toma, Katarzyna"]
[Black "Wieczorek, Oskar"]
[Result "0-1"]
[WhiteTitle "WGM"]
[BlackTitle "GM"]
[WhiteElo "2232"]
[BlackElo "2504"]
[WhiteFideId "1119907"]
[BlackFideId "1133950"]
[EventDate "2022.12.17"]

1. e4 c5 2. Nf3 e6 3. d4 cxd4 4. Nxd4 Nf6 5. Bd3 Nc6 6. Nxc6 bxc6 7. Nc3 d5 8.
O-O Be7 9. b3 O-O 10. Bb2 c5 11. Qe2 Rb8 12. e5 Nd7 13. Nd1 c4 14. bxc4 dxc4 15.
Bxc4 Qc7 16. Bd3 Nc5 17. Ba3 Nxd3 18. Bxe7 Qxe7 19. Qxd3 Rd8 20. Qg3 Ba6 21. Re1
Rd2 22. Ne3 Rbd8 23. h4 Qc5 24. h5 h6 25. Rab1 R2d4 26. Kh2 Kh8 27. Rbd1 Rxd1
28. Rxd1 Rxd1 29. Nxd1 Qxc2 30. Nc3 Qf5 31. Kg1 Bb7 32. Qe3 Qg4 33. f3 Qc4 34.
Kf2 Bc6 35. g4 a5 36. Kg3 a4 37. Qd2 Qf1 38. Kf4 Qxf3# 0-1

[Event "European Rapid 2022"]
[Site "Katowice POL"]
[Date "2022.12.18"]
[Round "8.48"]
[White "Kuzmicz, Krystian"]
[Black "Shilov, Sergej"]
[Result "1-0"]
[WhiteTitle "IM"]
[BlackTitle "FM"]
[WhiteElo "2466"]
[BlackElo "2047"]
[WhiteFideId "1119125"]
[BlackFideId "14101505"]
[EventDate "2022.12.17"]

1. g3 g6 2. Bg2 Bg7 3. e4 c5 4. f4 Nc6 5. d3 d6 6. Nf3 e6 7. O-O Nge7 8. c3 O-O
9. Be3 b6 10. Na3 Bb7 11. Nc2 Rc8 12. Re1 b5 13. d4 Na5 14. Bf2 cxd4 15. cxd4 d5
16. e5 Qb6 17. Nb4 Nc4 18. Nd3 b4 19. b3 Na3 20. Nc5 Rfd8 21. Qd2 a5 22. g4 Nb5
23. Na4 Qa7 24. Bh4 Rd7 25. Rac1 Rdc7 26. Bf1 Nc3 27. Bxe7 Rxe7 28. Nxc3 bxc3
29. Rxc3 Rec7 30. Rec1 Qb6 31. Rxc7 Rxc7 32. Rxc7 Qxc7 33. Bd3 Bf8 34. Qc2 Qxc2
35. Bxc2 Ba6 36. Kf2 Bb4 37. Ke3 Bf1 38. Ng1 Bb5 39. Bd3 Bd7 40. Nf3 Kg7 41. Ke2
h6 42. Kd1 a4 43. bxa4 Bxa4+ 44. Ke2 Kf8 45. f5 exf5 46. gxf5 gxf5 47. Bxf5 Ke7
48. Bd3 f6 49. Ke3 Bd1 50. Be2 Bc2 51. Bb5 Be4 52. exf6+ Kxf6 53. Nd2 Bc2 54. a4
Kg5 55. Nf3+ Kg4 56. Bd7+ Kh5 57. Ne5 Kg5 58. Bb5 Ba3 59. a5 Bc1+ 60. Ke2 Bf5
61. a6 Bc8 62. a7 1-0

[Event "European Rapid 2022"]
[Site "Katowice POL"]
[Date "2022.12.18"]
[Round "8.49"]
[White "Gunnarsson, Arnar"]
[Black "Piotrowski, Przemyslaw"]
[Result "0-1"]
[WhiteTitle "IM"]
[BlackTitle "FM"]
[WhiteElo "2406"]
[BlackElo "2247"]
[WhiteFideId "2300915"]
[BlackFideId "1127063"]
[EventDate "2022.12.17"]

1. c4 Nf6 2. Nc3 g6 3. g3 Bg7 4. Bg2 O-O 5. Nf3 c5 6. O-O Nc6 7. d3 d5 8. cxd5
Nxd5 9. Bd2 Nc7 10. Qc1 Re8 11. Bh6 Bh8 12. Ng5 Nd4 13. Nge4 b6 14. Rb1 Rb8 15.
Bf4 e5 16. Bd2 Bg4 17. Re1 Be6 18. b3 f6 19. Rb2 Nd5 20. e3 Nc6 21. Nxd5 Bxd5
22. Qb1 f5 23. Nc3 Bxg2 24. Kxg2 Nb4 25. d4 exd4 26. exd4 Qxd4 27. Rxe8+ Rxe8
28. Be1 Nd3 29. Re2 Rxe2 30. Nxe2 Qe4+ 31. Kf1 Nxf2 32. Qxe4 Nxe4 33. Nf4 Kf7
34. Ke2 Be5 35. Ng2 Bd4 36. Kd3 Bg1 37. h3 Bf2 38. Bxf2 Nxf2+ 39. Kc4 Nxh3 40.
Kb5 Ke6 41. Kc6 g5 42. a4 f4 43. gxf4 gxf4 44. Nh4 Ng5 45. a5 f3 46. Nxf3 Nxf3
47. a6 Nd4+ 48. Kb7 Nb5 49. Kc6 h5 0-1

[Event "European Rapid 2022"]
[Site "Katowice POL"]
[Date "2022.12.18"]
[Round "8.50"]
[White "Decosse, Jean-Fabien"]
[Black "Arkell, Keith C"]
[Result "1/2-1/2"]
[WhiteTitle "CM"]
[BlackTitle "GM"]
[WhiteElo "2149"]
[BlackElo "2406"]
[WhiteFideId "622583"]
[BlackFideId "400270"]
[EventDate "2022.12.17"]

1. d4 e6 2. c4 Bb4+ 3. Bd2 Bxd2+ 4. Nxd2 d6 5. g3 e5 6. Ngf3 Qe7 7. dxe5 dxe5 8.
Qc2 Nf6 9. Qc3 Nc6 10. Bg2 O-O 11. O-O h6 12. Rfd1 Bg4 13. h3 Bf5 14. Nh4 Bd7
15. Ne4 Nd4 16. Rd2 Nxe4 17. Bxe4 Bxh3 18. Bxb7 Rab8 19. Bh1 Qg5 20. e3 Nf5 21.
Nf3 Qh5 22. Qxe5 Rfe8 23. Qxc7 Rbc8 24. Qf4 g5 25. Nxg5 hxg5 26. Qf3 Qxf3 27.
Bxf3 Rxc4 28. b3 Rc3 29. Rd5 g4 30. Rxf5 gxf3 31. Rxf3 Be6 32. Rf4 Rd8 33. g4
Rd2 34. Kg2 Rcc2 35. Kg3 Rxa2 36. Rxa2 Rxa2 37. b4 Kg7 38. Rd4 Ra4 39. f4 Ra3
40. f5 Bc8 41. Kf4 Ra1 42. Ke5 Re1 43. e4 f6+ 44. Kf4 Rf1+ 45. Ke3 Rc1 46. Kf4
Kh6 47. Rd8 Bb7 48. Rg8 Rf1+ 49. Kg3 Rb1 50. Rg6+ Kh7 51. Rxf6 Rxb4 52. e5 a5
53. e6 Bd5 54. Rf7+ Kh6 55. Rf6+ Kg7 56. Rf7+ Kh6 57. Rf6+ Kg7 58. Rf7+ Kh6 1/2-1/2

[Event "European Rapid 2022"]
[Site "Katowice POL"]
[Date "2022.12.18"]
[Round "8.51"]
[White "Jarmula, Lukasz"]
[Black "Lapaj, Mateusz"]
[Result "1-0"]
[WhiteTitle "GM"]
[WhiteElo "2469"]
[BlackElo "2223"]
[WhiteFideId "1160664"]
[BlackFideId "1170805"]
[EventDate "2022.12.17"]

1. e4 e6 2. d4 d5 3. e5 c5 4. c3 Nc6 5. Nf3 Bd7 6. Be2 f6 7. O-O Qc7 8. Re1
O-O-O 9. Bf1 h6 10. Na3 c4 11. Nb5 Qb6 12. Nd6+ Bxd6 13. exd6 Na5 14. b4 Nc6 15.
a4 Nb8 16. b5 Qxd6 17. Ba3 Qc7 18. Qb1 h5 19. a5 Nh6 20. b6 axb6 21. axb6 Qc6
22. Bc5 Na6 23. Ra5 e5 24. dxe5 Bf5 25. Nd4 Bxb1 26. Nxc6 Nxc5 27. Nxd8 1-0

[Event "European Rapid 2022"]
[Site "Katowice POL"]
[Date "2022.12.18"]
[Round "8.52"]
[White "Pavlidou, Ekaterini"]
[Black "Hunt, Harriet V"]
[Result "0-1"]
[WhiteTitle "WIM"]
[BlackTitle "IM"]
[WhiteElo "2178"]
[BlackElo "2348"]
[WhiteFideId "4213262"]
[BlackFideId "403512"]
[EventDate "2022.12.17"]

1. d4 Nf6 2. c4 e6 3. Nc3 Bb4 4. e3 b6 5. Nf3 Bb7 6. Bd2 O-O 7. Bd3 d5 8. cxd5
exd5 9. Rc1 a6 10. O-O Nbd7 11. Ne5 Bd6 12. f4 c5 13. Be1 cxd4 14. exd4 Ne4 15.
Qf3 f5 16. Qh3 g6 17. Nxe4 dxe4 18. Bc4+ Kg7 19. Be6 Nxe5 20. fxe5 Be7 21. d5
Bxd5 22. Rd1 Bxe6 23. Rxd8 Raxd8 24. Bh4 g5 25. Bf2 Rd3 26. Qh5 e3 27. Be1 h6
28. b3 Bc5 29. Qe2 Rfd8 30. Kh1 a5 31. h4 g4 32. h5 Rd1 33. Bh4 Rxf1+ 34. Qxf1
Rd2 35. Qa6 e2 36. Kh2 f4 37. Qb7+ Rd7 38. Qe4 g3+ 39. Bxg3 fxg3+ 40. Kxg3 Bf5
41. Qxe2 Re7 42. Kf4 Be6 43. Qe4 Rf7+ 44. Kg3 Rf5 45. Qb7+ Kg8 46. Qc6 Bf2+ 47.
Kg4 Rxe5+ 48. Kf4 Rf5+ 49. Ke4 Bd5+ 50. Qxd5+ Rxd5 51. Kxd5 Kf7 52. a3 Kf6 0-1

[Event "European Rapid 2022"]
[Site "Katowice POL"]
[Date "2022.12.18"]
[Round "8.53"]
[White "Wikar, Martyna"]
[Black "Plichta, Kamil"]
[Result "1/2-1/2"]
[WhiteTitle "WFM"]
[BlackTitle "FM"]
[WhiteElo "2185"]
[BlackElo "2394"]
[WhiteFideId "21807663"]
[BlackFideId "1141830"]
[EventDate "2022.12.17"]

1. Nf3 c5 2. e4 g6 3. c3 Bg7 4. d4 cxd4 5. cxd4 Nf6 6. Nc3 d5 7. e5 Ne4 8. Bd3
Nxc3 9. bxc3 Bg4 10. O-O O-O 11. h3 Bxf3 12. Qxf3 Nc6 13. Rb1 b6 14. Ba3 Re8 15.
Rfd1 a6 16. Qg4 b5 17. Bc5 Qc8 18. Qxc8 Rexc8 19. f4 e6 20. a4 bxa4 21. c4 Bf8
22. cxd5 exd5 23. Bxf8 Kxf8 24. Ra1 Nxd4 25. Rxa4 Ne6 26. Rxa6 Nxf4 27. Rf6 Ra4
28. Bb5 Re4 29. Rf1 Rb8 30. Bd7 Ne2+ 31. Kh2 Rxe5 32. Rxf7+ Kg8 33. Bg4 d4 34.
Rd7 h5 35. Bxe2 Rxe2 36. Rxd4 Rbb2 37. Rg1 Kg7 38. h4 Kh6 39. Rd3 Re4 40. Kh3
Rbb4 41. g3 Rb2 42. Rh1 Rbe2 43. Rf3 Re6 44. Rc3 Rd2 45. Rb3 Ree2 46. Rc3 Rf2
47. g4 hxg4+ 48. Kxg4 Rd4+ 49. Kg3 Rff4 50. h5 Rg4+ 51. Kf3 Rdf4+ 52. Ke3 Rf6
53. hxg6+ Kxg6 54. Rcc1 Rg3+ 55. Ke2 Ra6 56. Rhg1 Ra2+ 57. Kf1 Rxg1+ 58. Kxg1 1/2-1/2

[Event "European Rapid 2022"]
[Site "Katowice POL"]
[Date "2022.12.18"]
[Round "8.54"]
[White "Wojdak, Jan"]
[Black "Kyc, Jerzy"]
[Result "1/2-1/2"]
[WhiteElo "2115"]
[BlackElo "2230"]
[WhiteFideId "21817111"]
[BlackFideId "1163922"]
[EventDate "2022.12.17"]

1. e4 c5 2. Nf3 d6 3. Bb5+ Bd7 4. Bxd7+ Qxd7 5. O-O Nc6 6. c3 g6 7. d4 cxd4 8.
cxd4 Bg7 9. Nc3 Nf6 10. h3 O-O 11. Be3 a6 12. Rc1 b5 13. a3 Rac8 14. b4 Qb7 15.
Qb3 Nd7 16. Nd5 e6 17. Rxc6 Rxc6 18. Ne7+ Kh8 19. Nxc6 Qxc6 20. Qd3 d5 21. Rc1
Qb7 22. e5 Nb6 23. Nd2 Nc4 24. Nb3 f6 25. Nc5 Qc6 26. f4 Bh6 27. Rf1 fxe5 28.
dxe5 Bg7 29. Bd4 Kg8 30. g4 Bh6 31. f5 exf5 32. gxf5 Rxf5 33. Rxf5 gxf5 34. e6
Qd6 35. Qxf5 Be3+ 36. Bxe3 Qg3+ 37. Kh1 Qg2+ 38. Kxg2 Nxe3+ 39. Kf3 Nxf5 40. Kf4
Nd6 41. Ke5 Nc4+ 42. Kxd5 Nxa3 43. Nxa6 Kf8 44. Kd6 Nc4+ 45. Kd7 Ne5+ 46. Kd8
Nc6+ 47. Kc7 Nxb4 48. Nxb4 Ke7 49. Kc6 Kxe6 50. Kxb5 Kf5 51. Nd5 Kg5 52. Kc4 1/2-1/2

[Event "European Rapid 2022"]
[Site "Katowice POL"]
[Date "2022.12.18"]
[Round "8.55"]
[White "Bartel, Marta"]
[Black "Grinev, Valeriy"]
[Result "0-1"]
[WhiteTitle "WGM"]
[BlackTitle "IM"]
[WhiteElo "2190"]
[BlackElo "2425"]
[WhiteFideId "1123009"]
[BlackFideId "14117517"]
[EventDate "2022.12.17"]

1. d4 Nf6 2. Nf3 g6 3. c4 Bg7 4. Nc3 O-O 5. Bg5 c5 6. d5 b5 7. cxb5 a6 8. e3 d6
9. Be2 axb5 10. Bxb5 Qa5 11. Nd2 Qb4 12. Rb1 Bf5 13. a3 Qa5 14. Rc1 Ne4 15.
Ndxe4 Bxe4 16. Bf1 Re8 17. Qd2 Bf5 18. Be2 Na6 19. O-O Nc7 20. g4 Bd7 21. f4 Nb5
22. f5 Nxc3 23. bxc3 Qxa3 24. e4 Qa2 25. Qe3 Qb2 26. f6 exf6 27. Rxf6 Ra2 28.
Rxd6 Bxg4 29. Re1 Bxe2 0-1

[Event "European Rapid 2022"]
[Site "Katowice POL"]
[Date "2022.12.18"]
[Round "8.56"]
[White "Uruci, Endrit"]
[Black "Urh, Zala"]
[Result "0-1"]
[WhiteTitle "FM"]
[BlackTitle "WIM"]
[WhiteElo "2297"]
[BlackElo "2282"]
[WhiteFideId "22100199"]
[BlackFideId "14611481"]
[EventDate "2022.12.17"]

1. d4 Nf6 2. c4 e6 3. Nf3 d5 4. Nc3 dxc4 5. e4 b5 6. e5 Nd5 7. Nxb5 Nb6 8. Be2
Nc6 9. O-O Be7 10. a4 a5 11. b3 cxb3 12. Qxb3 Nb4 13. Bd2 O-O 14. Rfc1 N6d5 15.
Nc3 Bb7 16. Ne4 Rb8 17. Nc5 Bc6 18. g3 Rb6 19. Qd1 Qa8 20. h4 Rd8 21. h5 h6 22.
Nh2 Bf8 23. Ng4 Ne7 24. Be3 Nf5 25. Kh2 Qb8 26. Qd2 Nd5 27. Qxa5 Ndxe3 28. Nxe3
Nxe3 29. fxe3 Rb2 30. Na6 Rxe2+ 31. Kh3 Qb2 32. Rxc6 Rh2+ 33. Kg4 Qe2+ 34. Kf4
Qf2+ 35. Ke4 Qf5# 0-1

[Event "European Rapid 2022"]
[Site "Katowice POL"]
[Date "2022.12.18"]
[Round "8.57"]
[White "Polster, Christian"]
[Black "Kozak, Antoni"]
[Result "0-1"]
[WhiteTitle "FM"]
[WhiteElo "2235"]
[BlackElo "2422"]
[WhiteFideId "12965081"]
[BlackFideId "21832030"]
[EventDate "2022.12.17"]

1. e4 c5 2. Nc3 a6 3. g3 b5 4. Bg2 Bb7 5. Nge2 e6 6. O-O Nf6 7. d4 cxd4 8. Nxd4
b4 9. Na4 Bxe4 10. Bxe4 Nxe4 11. Re1 Nc5 12. Qf3 Ra7 13. Nxc5 Bxc5 14. Nb3 Bb6
15. Bf4 d6 16. Rad1 Rd7 17. c4 bxc3 18. Qxc3 O-O 19. a4 Qe7 20. a5 Ba7 21. Qb4
e5 22. Be3 Bxe3 23. Rxe3 Rfd8 24. Rd5 Qe6 25. Qc4 h6 26. Nd2 Kh7 27. b4 Qe7 28.
Rc3 Rb7 29. Qd3+ Kg8 30. Nc4 Rxb4 31. Nxe5 Rb2 32. Qd4 Qb7 33. Nf3 Nc6 34. Qf4
Ne5 35. Rd1 Rb3 36. Rxb3 Qxb3 37. Nxe5 Qxd1+ 38. Kg2 dxe5 39. Qxe5 Qd5+ 0-1

[Event "European Rapid 2022"]
[Site "Katowice POL"]
[Date "2022.12.18"]
[Round "8.58"]
[White "Langheinrich, Ferenc"]
[Black "Bartel, Michal"]
[Result "0-1"]
[WhiteTitle "IM"]
[BlackTitle "FM"]
[WhiteElo "2381"]
[BlackElo "2250"]
[WhiteFideId "4641973"]
[BlackFideId "1119257"]
[EventDate "2022.12.17"]

1. e4 e5 2. Nf3 Nc6 3. Bb5 g6 4. d4 exd4 5. O-O Bg7 6. c3 dxc3 7. Nxc3 Nge7 8.
Bf4 d6 9. Qd2 O-O 10. Bh6 Bg4 11. Bxg7 Kxg7 12. Nd4 Bd7 13. Bc4 Nxd4 14. Qxd4+
f6 15. f4 Qc8 16. Rae1 Be6 17. Bd3 Nc6 18. Qf2 Nb4 19. Qg3 Bf7 20. Bb1 Qd7 21.
h4 Rae8 22. h5 Nc6 23. Qh4 Qd8 24. Re3 g5 25. h6+ Kh8 26. Qg3 Rg8 27. e5 gxf4
28. Qxf4 Nxe5 29. Ne4 Bd5 30. Qxf6+ Qxf6 31. Nxf6 Rxg2+ 32. Kh1 Rf2+ 33. Kg1
Rxf1+ 34. Kxf1 Rf8 0-1

[Event "European Rapid 2022"]
[Site "Katowice POL"]
[Date "2022.12.18"]
[Round "8.59"]
[White "Sliwicki, Damian"]
[Black "Psyk, Radoslaw"]
[Result "0-1"]
[WhiteTitle "CM"]
[WhiteElo "2158"]
[BlackElo "2438"]
[WhiteFideId "1127128"]
[BlackFideId "1182838"]
[EventDate "2022.12.17"]

1. e4 Nf6 2. Nc3 d5 3. e5 Ne4 4. Nce2 f6 5. d3 Ng5 6. Bxg5 fxg5 7. Ng3 g6 8. d4
c5 9. Nh3 Bxh3 10. gxh3 cxd4 11. Bb5+ Nc6 12. Bxc6+ bxc6 13. Qxd4 Bg7 14. O-O
O-O 15. Qg4 Qb6 16. b3 Rf7 17. Qxg5 Raf8 18. Kh1 Qd4 19. Rae1 Rxf2 20. Rxf2 Rxf2
21. h4 Qc3 22. Qe3 Qxc2 23. Ne2 Qf5 24. Nd4 Rf1+ 25. Rxf1 Qxf1+ 26. Qg1 Qa6 27.
Qe1 c5 28. Nf3 Qxa2 29. Qd1 d4 30. Qd3 Qa1+ 31. Kg2 Qc3 32. Qe4 Qxb3 33. Ng5 d3
34. Qf3 Qa2+ 35. Kh3 d2 36. e6 Bf6 37. Qa8+ Kg7 38. Qe8 Qb3+ 39. Kg2 Qd5+ 40.
Kf2 Qd4+ 41. Kg3 Be5+ 42. Kh3 Qd3+ 43. Kg2 Qe2+ 44. Kh3 Qxh2+ 45. Kg4 d1=Q+ 0-1

[Event "European Rapid 2022"]
[Site "Katowice POL"]
[Date "2022.12.18"]
[Round "8.60"]
[White "Gaponenko, Inna"]
[Black "Mrvova, Alena"]
[Result "1-0"]
[WhiteTitle "IM"]
[BlackTitle "WIM"]
[WhiteElo "2341"]
[BlackElo "2135"]
[WhiteFideId "14101181"]
[BlackFideId "14902036"]
[EventDate "2022.12.17"]

1. e4 c5 2. Nf3 d6 3. d4 cxd4 4. Nxd4 Nf6 5. Nc3 g6 6. Be3 Bg7 7. f3 O-O 8. Qd2
Nc6 9. Bc4 Bd7 10. h4 h5 11. O-O-O Rc8 12. Bb3 Ne5 13. Bh6 Nc4 14. Bxc4 Rxc4 15.
Bxg7 Kxg7 16. g4 Qa5 17. Nb3 Qb4 18. a3 Qb6 19. e5 Ng8 20. exd6 exd6 21. gxh5
Bf5 22. hxg6 fxg6 23. h5 d5 24. Qxd5 Qe3+ 25. Kb1 Rfc8 26. hxg6 Bxg6 27. Qd7+
Qe7 28. Rhe1 Qxd7 29. Rxd7+ Kh6 30. Rxb7 Rxc3 31. bxc3 Rxc3 32. Nd4 Rxa3 33.
Rh1+ Kg5 34. Rg7 Kf6 35. Rxg8 Ra4 36. Rh6 1-0

[Event "European Rapid 2022"]
[Site "Katowice POL"]
[Date "2022.12.18"]
[Round "8.61"]
[White "Gregoric, Andraz"]
[Black "Charkhalashvili, Inga"]
[Result "1-0"]
[BlackTitle "WGM"]
[WhiteElo "2225"]
[BlackElo "2273"]
[WhiteFideId "14629461"]
[BlackFideId "13601431"]
[EventDate "2022.12.17"]

1. e4 c6 2. Nf3 d5 3. d3 Bg4 4. h3 Bxf3 5. Qxf3 e6 6. g3 Nd7 7. Bg2 Bd6 8. O-O
Ne7 9. c3 O-O 10. a4 a5 11. Qe2 dxe4 12. dxe4 e5 13. Be3 Qc7 14. Nd2 Bc5 15. h4
Rad8 16. Nc4 b6 17. Bxc5 Nxc5 18. b4 axb4 19. cxb4 Nb3 20. Rab1 Nd4 21. Qh5 f5
22. a5 b5 23. Ne3 f4 24. Ng4 Ng6 25. Kh2 Rf7 26. Rbc1 Qe7 27. Rc5 fxg3+ 28. fxg3
Rxf1 29. Bxf1 Nf3+ 30. Kh3 Rd2 31. Nh6+ gxh6 32. Qxf3 Rd6 33. h5 Nf8 34. Qg4+
Kh8 35. Qc8 Qd7+ 36. Qxd7 Nxd7 37. Rc3 Nb8 38. Bxb5 Rd4 39. Rxc6 Nxc6 40. Bxc6
Rxb4 41. a6 Rb8 42. a7 Rd8 43. a8=Q Rxa8 44. Bxa8 1-0

[Event "European Rapid 2022"]
[Site "Katowice POL"]
[Date "2022.12.18"]
[Round "8.62"]
[White "Morgunov, Marc"]
[Black "Player, Edmund C"]
[Result "1-0"]
[WhiteTitle "FM"]
[WhiteElo "2402"]
[BlackElo "2198"]
[WhiteFideId "1640305"]
[BlackFideId "406520"]
[EventDate "2022.12.17"]

1. e4 e6 2. d4 d5 3. Nd2 h6 4. Ngf3 Nf6 5. Bd3 c5 6. e5 Nfd7 7. c3 Nc6 8. O-O g5
9. b3 a5 10. Bb2 a4 11. bxa4 c4 12. Bc2 Qa5 13. Ne1 Nb6 14. f4 Nd8 15. Qh5 Rg8
16. f5 Nxa4 17. fxe6 Bxe6 18. Bf5 Bxf5 19. Rxf5 Nxb2 20. e6 Qc7 21. exf7+ Nxf7
22. Nef3 Nd3 23. Ne5 Nxe5 24. dxe5 Qb6+ 25. Kh1 Qg6 26. Qf3 Bg7 27. Rf1 Nd8 28.
Qxd5 Qe6 29. Qe4 Rc8 30. Nf3 Nc6 31. Nd4 Nxd4 32. cxd4 Rf8 33. Rxf8+ Bxf8 34. d5
Qe7 35. d6 Qe6 36. Rf6 Qd7 37. Qg6+ Kd8 38. Rxf8+ 1-0

[Event "European Rapid 2022"]
[Site "Katowice POL"]
[Date "2022.12.18"]
[Round "8.63"]
[White "Dzierzak, Radoslaw"]
[Black "Zimina, Olga"]
[Result "0-1"]
[WhiteTitle "FM"]
[BlackTitle "IM"]
[WhiteElo "2211"]
[BlackElo "2295"]
[WhiteFideId "1161407"]
[BlackFideId "4132190"]
[EventDate "2022.12.17"]

1. e4 e5 2. Nf3 Nc6 3. Bc4 Nf6 4. d3 h6 5. O-O d6 6. c3 g5 7. a4 a5 8. Na3 Bg7
9. Re1 Nh5 10. Nd4 exd4 11. Qxh5 Ne5 12. Qe2 Nxc4 13. Nxc4 dxc3 14. bxc3 O-O 15.
d4 d5 16. exd5 Qxd5 17. Ba3 Rd8 18. Ne3 Qc6 19. c4 Qe4 20. Qh5 Qg6 21. Qf3 c6
22. Rad1 Rxd4 23. Rxd4 Bxd4 24. Rd1 Qf6 25. Qe4 c5 26. Bb2 Bxb2 27. Qe8+ Kh7 28.
Rd8 Qg6 29. Rxc8 Rxc8 30. Qxc8 Qb1+ 31. Nf1 Bd4 32. Qc7 Kg7 33. Qxa5 Qc2 34. Qd2
Qxc4 35. Ne3 Qxa4 36. h4 Bxe3 37. Qxe3 Qa1+ 38. Kh2 Qd4 39. Qb3 Qxh4+ 40. Kg1
Qb4 41. Qe3 Qd4 42. Qb3 c4 43. Qxb7 c3 44. Qc7 Qd3 45. Qb6 c2 46. Qb2+ Kg6 47.
Qb6+ f6 48. Qc6 Qd1+ 49. Kh2 c1=Q 50. Qe8+ Kf5 51. Qb5+ Ke6 52. Qe8+ Kd5 53.
Qd7+ Kc4 54. Qc6+ Kb3 55. Qb5+ Ka2 56. Qa6+ Kb1 57. Qb7+ Qb2 58. Qe4+ Ka1 59.
Qa8+ Qa2 60. Qc6 Qdd2 61. Qc5 Qf4+ 62. Kh3 Qe6+ 0-1

[Event "European Rapid 2022"]
[Site "Katowice POL"]
[Date "2022.12.18"]
[Round "8.64"]
[White "Baum, Jonasz"]
[Black "Lach, Aleksandra"]
[Result "1-0"]
[WhiteTitle "IM"]
[BlackTitle "WIM"]
[WhiteElo "2420"]
[BlackElo "2191"]
[WhiteFideId "1195360"]
[BlackFideId "1134299"]
[EventDate "2022.12.17"]

1. d4 d5 2. c4 c6 3. Nf3 Nf6 4. Nc3 a6 5. e3 b5 6. b3 Bf5 7. a4 b4 8. Ne2 h6 9.
a5 Nbd7 10. c5 Ne4 11. Ng3 Bh7 12. Nxe4 dxe4 13. Nd2 e5 14. Nc4 exd4 15. exd4
Qf6 16. Be3 Rd8 17. Qc1 Be7 18. Nb6 Nb8 19. Qc4 O-O 20. Be2 Bf5 21. Qxb4 Qg6 22.
g4 Be6 23. O-O-O Bh4 24. h3 Qf6 25. Rd2 Kh7 26. Rhd1 Bxf2 27. Rf1 Bxe3 28. Rxf6
gxf6 29. Kb2 Bxd2 30. Qxd2 f5 31. Nc4 fxg4 32. hxg4 f5 33. gxf5 Bxf5 34. Nd6 Bg6
35. Qe3 Rxd6 36. cxd6 Nd7 37. Bxa6 Rf6 38. Qg3 Rf3 39. Qg4 Nf6 40. Qe6 e3 41. d7
Nxd7 42. Qxd7+ Bf7 43. Bc4 Rf2+ 44. Kc3 Kg7 45. Bxf7 1-0